000 ncm a22 a 4500
999 _c350312
_d350312
003 BLK
005 20200427143707.0
008 200329b bu ||||| |||| 00| 0 bu d
040 _aBLK
041 _aDEU
_cDEU
080 _aТромбон, уч. литература, гами, етюди
_b788.2.087.5
_z788.7.087.5
100 _9403145
_aKopprasch, Georg C.
_eпърви автор
139 _aKopprasch, Georg C.
_bК 84
245 _aSechzig ausgewahlte Etuden fur Posaune
_cGeorg C. Kopprasch ; hrsg. von Franz Seyffarth.
_n
_bFagott, Euphonion, Bariton
257 _aDEU
260 _9402638
_aLeipzig
_bFriedrich Hofmeister
_c1980
300 _c30 см
_a55 c.
380 _a7
490 _9403029
_aHofmeister Studienwerke
650 0 _9403148
_aТромбон - гами, етюди
653 7 _9198691
_aтромбони
653 7 _9186510
_aетюди
700 _9403149
_aSeyffarth, Franz
_ehrsg.
700 _9407617
_aКопраш, Георг
852 _aЦб М ІІ 9188
_bИП
942 _cNOT
_n0
_s1
944 _aCR
_c2020-03-29
_kВалентина Караджова
999 _d350312
999 _d350312
999 _d350284
999 _d350284
999 _d350282
999 _d350282
999 _d350161
999 _d350161
999 _d350124
999 _d350124
999 _d350108
999 _d350108
999 _d350108
999 _d349788